<?xml version="1.0" encoding="UTF-8"?>
<record
    xmlns:xsi="http://www.w3.org/2001/XMLSchema-instance"
    xsi:schemaLocation="http://www.loc.gov/MARC21/slim http://www.loc.gov/standards/marcxml/schema/MARC21slim.xsd"
    xmlns="http://www.loc.gov/MARC21/slim">

  <leader>00663nam a2200169 i 4500</leader>
  <controlfield tag="001">22400</controlfield>
  <controlfield tag="003">ES-MaACL</controlfield>
  <controlfield tag="005">20230906152705.0</controlfield>
  <controlfield tag="007">t|</controlfield>
  <controlfield tag="008">021202s1882    sp           ||||1| spa d</controlfield>
  <datafield tag="100" ind1="1" ind2=" ">
    <subfield code="a">Alonso y Fern&#xE1;ndez, Jos&#xE9;.</subfield>
    <subfield code="9">20426</subfield>
  </datafield>
  <datafield tag="245" ind1="1" ind2="0">
    <subfield code="a">Programa de qu&#xED;mica general / </subfield>
    <subfield code="c">por el catedr&#xE1;tico de la misma en la Universidad de Granada [Jos&#xE9; Alonso y Fern&#xE1;ndez].</subfield>
  </datafield>
  <datafield tag="260" ind1=" " ind2=" ">
    <subfield code="a">Granada : </subfield>
    <subfield code="b">[s.n.], </subfield>
    <subfield code="c">1882 (</subfield>
    <subfield code="f">Impr. y Lib. de Jos&#xE9; L&#xF3;pez Guevara)</subfield>
  </datafield>
  <datafield tag="300" ind1=" " ind2=" ">
    <subfield code="a">38 p. ; </subfield>
    <subfield code="c">21 cm.</subfield>
  </datafield>
  <datafield tag="594" ind1=" " ind2=" ">
    <subfield code="a">Autor tomado de anotaci&#xF3;n manuscrita en la cubierta.</subfield>
  </datafield>
  <datafield tag="852" ind1=" " ind2=" ">
    <subfield code="a">ES-MaACL</subfield>
    <subfield code="j">T-715-F-8 </subfield>
    <subfield code="z">.- Dedicatoria manuscrita del autor a Gustavo Saenz Diez</subfield>
  </datafield>
  <datafield tag="999" ind1=" " ind2=" ">
    <subfield code="c">22400</subfield>
    <subfield code="d">22400</subfield>
  </datafield>
  <datafield tag="952" ind1=" " ind2=" ">
    <subfield code="0">0</subfield>
    <subfield code="1">0</subfield>
    <subfield code="4">0</subfield>
    <subfield code="7">0</subfield>
    <subfield code="8">Colecci&#xF3;n_de_folletos</subfield>
    <subfield code="a">ATENEOM</subfield>
    <subfield code="b">ATENEOM</subfield>
    <subfield code="c">DEPOF</subfield>
    <subfield code="d">2008-01-17</subfield>
    <subfield code="e">SC</subfield>
    <subfield code="l">0</subfield>
    <subfield code="o">T-715-F-8</subfield>
    <subfield code="p">1023060</subfield>
    <subfield code="r">2023-02-23 00:00:00</subfield>
    <subfield code="w">2023-02-23</subfield>
    <subfield code="y">FOLLETOS</subfield>
  </datafield>
</record>
